[Event "EYCC 2024 - G18"]
[Site "?"]
[Date "2024.08.25"]
[Round "4.8"]
[White "Weersing, Abigail Riis"]
[Black "Suarez Gomez, Paula"]
[Result "1-0"]
[BlackElo "2080"]
[WhiteElo "1925"]
[LiveChessVersion "1.4.8"]

1. d4 {[%clk 1:30:57]} d5 {[%clk 1:30:55]} 2. c4 {[%clk 1:31:22]} e6
{[%clk 1:31:06]} 3. Nc3 {[%clk 1:31:44]} a6 {[%clk 1:31:31]} 4. cxd5
{[%clk 1:32:03]} exd5 {[%clk 1:31:54]} 5. Nf3 {[%clk 1:31:44]} h6
{[%clk 1:32:06]} 6. Bf4 {[%clk 1:29:27]} Nf6 {[%clk 1:32:17]} 7. e3
{[%clk 1:28:36]} Bd6 {[%clk 1:32:18]} 8. Bxd6 {[%clk 1:28:07]} Qxd6
{[%clk 1:32:39]} 9. Bd3 {[%clk 1:28:09]} Bg4 {[%clk 1:32:32]} 10. Qb3
{[%clk 1:23:15]} Nc6 {[%clk 1:28:16]} 11. Nh4 {[%clk 1:13:27]} O-O
{[%clk 1:22:37]} 12. h3 {[%clk 1:11:38]} Be6 {[%clk 1:20:25]} 13. O-O-O
{[%clk 0:56:17]} Nxd4 {[%clk 1:04:19]} 14. exd4 {[%clk 0:55:38]} Qf4+
{[%clk 1:04:45]} 15. Kb1 {[%clk 0:55:54]} Qxh4 {[%clk 1:05:08]} 16. g3
{[%clk 0:54:07]} Qg5 {[%clk 1:03:25]} 17. h4 {[%clk 0:52:09]} Qg4
{[%clk 1:03:45]} 18. Ka1 {[%clk 0:43:53]} c5 {[%clk 0:46:01]} 19. Be2
{[%clk 0:38:38]} Qf5 {[%clk 0:42:17]} 20. f4 {[%clk 0:30:27]} c4 {[%clk 0:40:36]}
21. Qb6 {[%clk 0:27:33]} h5 {[%clk 0:35:56]} 22. Bf3 {[%clk 0:23:24]} Bd7
{[%clk 0:24:00]} 23. Rhe1 {[%clk 0:22:50]} Bc6 {[%clk 0:23:37]} 24. Re5
{[%clk 0:22:34]} Qc2 {[%clk 0:21:18]} 25. Rg5 {[%clk 0:18:09]} Rfe8
{[%clk 0:16:01]} 26. Rb1 {[%clk 0:16:14]} Rad8 {[%clk 0:12:33]} 27. Bxh5
{[%clk 0:13:07]} Nxh5 {[%clk 0:12:31]} 28. Rxh5 {[%clk 0:13:28]} f6
{[%clk 0:11:58]} 29. Qc5 {[%clk 0:05:55]} g6 {[%clk 0:07:52]} 30. Nxd5
{[%clk 0:06:08]} Kg7 {[%clk 0:06:29]} 31. Nxf6 {[%clk 0:06:03]} Kxf6
{[%clk 0:04:54]} 32. Qg5+ {[%clk 0:05:05]} Ke6 {[%clk 0:04:34]} 33. Qe5+
{[%clk 0:04:36]} 1-0

[Event "EYCC 2024 - G18"]
[Site "?"]
[Date "2024.08.25"]
[Round "4.9"]
[White "Yilmaz, Gokcen"]
[Black "Skarbarchuk, Tetyana"]
[Result "0-1"]
[BlackElo "2037"]
[WhiteElo "1900"]
[LiveChessVersion "1.4.8"]

1. e4 {[%clk 1:29:25]} c5 {[%clk 1:30:35]} 2. Nf3 {[%clk 1:28:55]} e6
{[%clk 1:30:54]} 3. c3 {[%clk 1:28:45]} Nf6 {[%clk 1:31:00]} 4. Bd3
{[%clk 1:26:54]} d5 {[%clk 1:29:22]} 5. e5 {[%clk 1:23:56]} Nfd7 {[%clk 1:27:06]}
6. Bc2 {[%clk 1:20:51]} Nc6 {[%clk 1:21:11]} 7. d4 {[%clk 1:20:25]} b6
{[%clk 1:17:03]} 8. Ng5 {[%clk 1:06:20]} Be7 {[%clk 1:08:18]} 9. Qg4
{[%clk 0:54:22]} cxd4 {[%clk 0:56:36]} 10. Nxe6 {[%clk 0:53:57]} fxe6
{[%clk 0:56:37]} 11. Qxg7 {[%clk 0:54:14]} Rf8 {[%clk 0:49:12]} 12. cxd4
{[%clk 0:51:00]} Nxd4 {[%clk 0:41:20]} 13. Bxh7 {[%clk 0:46:29]} Qc7
{[%clk 0:41:05]} 14. Nc3 {[%clk 0:26:22]} Qxe5+ {[%clk 0:37:07]} 15. Qxe5
{[%clk 0:26:48]} Nxe5 {[%clk 0:37:33]} 16. Be3 {[%clk 0:26:50]} Ndc6
{[%clk 0:36:20]} 17. O-O-O {[%clk 0:25:53]} Kf7 {[%clk 0:30:39]} 18. Bc2
{[%clk 0:20:31]} Ng4 {[%clk 0:24:37]} 19. Kb1 {[%clk 0:14:55]} Kg7
{[%clk 0:22:29]} 20. Rd2 {[%clk 0:12:59]} Nxe3 {[%clk 0:19:42]} 21. fxe3
{[%clk 0:13:28]} Ba6 {[%clk 0:15:45]} 22. Bd3 {[%clk 0:10:43]} Bxd3+
{[%clk 0:14:15]} 23. Rxd3 {[%clk 0:11:12]} Ne5 {[%clk 0:14:03]} 24. Rd2
{[%clk 0:09:53]} Bg5 {[%clk 0:13:49]} 25. Re2 {[%clk 0:09:20]} Rf7
{[%clk 0:13:23]} 26. h4 {[%clk 0:09:16]} Rh8 {[%clk 0:13:27]} 27. g3
{[%clk 0:08:08]} Ng4 {[%clk 0:13:11]} 28. Nd1 {[%clk 0:06:43]} Bh6
{[%clk 0:12:45]} 29. Rg1 {[%clk 0:05:47]} Rc8 {[%clk 0:12:00]} 30. b3
{[%clk 0:05:52]} Rf3 {[%clk 0:11:40]} 31. e4 {[%clk 0:05:05]} d4 {[%clk 0:08:51]}
32. e5 {[%clk 0:05:27]} d3 {[%clk 0:08:32]} 33. Re4 {[%clk 0:05:48]} Rc1+
{[%clk 0:08:40]} 34. Kb2 {[%clk 0:06:06]} Nf2 {[%clk 0:09:01]} 0-1

[Event "EYCC 2024 - G18"]
[Site "?"]
[Date "2024.08.25"]
[Round "4.10"]
[White "Stepanyan, Alvard"]
[Black "Barwinska, Ewa"]
[Result "1-0"]
[BlackElo "2035"]
[WhiteElo "1888"]
[LiveChessVersion "1.4.8"]

1. d4 {[%clk 1:30:51]} c5 {[%clk 1:30:55]} 2. d5 {[%clk 1:28:22]} Nf6
{[%clk 1:31:13]} 3. c4 {[%clk 1:26:45]} d6 {[%clk 1:30:54]} 4. Nc3
{[%clk 1:26:48]} g6 {[%clk 1:31:01]} 5. e4 {[%clk 1:26:01]} Bg7 {[%clk 1:28:41]}
6. h3 {[%clk 1:25:42]} e6 {[%clk 1:28:38]} 7. Nf3 {[%clk 1:21:12]} O-O
{[%clk 1:26:59]} 8. Bd3 {[%clk 1:20:53]} exd5 {[%clk 1:27:21]} 9. cxd5
{[%clk 1:21:18]} b5 {[%clk 1:23:17]} 10. Bxb5 {[%clk 1:21:04]} Nxe4
{[%clk 1:18:07]} 11. Nxe4 {[%clk 1:21:25]} Qa5+ {[%clk 1:18:10]} 12. Nfd2
{[%clk 1:21:47]} Qxb5 {[%clk 1:18:13]} 13. Nxd6 {[%clk 1:22:12]} Qa6
{[%clk 1:00:55]} 14. N2c4 {[%clk 1:21:26]} Nd7 {[%clk 0:56:59]} 15. O-O
{[%clk 1:21:12]} Nb6 {[%clk 0:47:40]} 16. Nxb6 {[%clk 1:21:31]} axb6
{[%clk 0:44:17]} 17. Bg5 {[%clk 1:18:22]} Ra7 {[%clk 0:26:15]} 18. Re1
{[%clk 1:09:59]} b5 {[%clk 0:24:27]} 19. Ne4 {[%clk 0:36:27]} Bd4
{[%clk 0:19:20]} 20. b4 {[%clk 0:23:13]} f6 {[%clk 0:15:47]} 21. Bh6
{[%clk 0:22:13]} Bxa1 {[%clk 0:15:40]} 22. Qxa1 {[%clk 0:18:13]} cxb4
{[%clk 0:12:18]} 23. Bxf8 {[%clk 0:14:08]} Kxf8 {[%clk 0:12:41]} 24. d6
{[%clk 0:11:20]} Rf7 {[%clk 0:11:52]} 25. Nxf6 {[%clk 0:10:51]} Bf5
{[%clk 0:08:39]} 26. Re8+ {[%clk 0:10:45]} Kg7 {[%clk 0:09:03]} 27. Ng4+
{[%clk 0:11:03]} 1-0

[Event "EYCC 2024 - G18"]
[Site "?"]
[Date "2024.08.25"]
[Round "4.11"]
[White "Zabrzanska, Weronika"]
[Black "Akat, Elifnaz"]
[Result "1/2-1/2"]
[BlackElo "1888"]
[WhiteElo "1999"]
[LiveChessVersion "1.4.8"]

1. e4 {[%clk 1:30:57]} c5 {[%clk 1:30:55]} 2. c3 {[%clk 1:31:12]} Nf6
{[%clk 1:31:11]} 3. e5 {[%clk 1:31:33]} Nd5 {[%clk 1:31:35]} 4. Bc4
{[%clk 1:31:53]} Nb6 {[%clk 1:31:45]} 5. Bb3 {[%clk 1:32:10]} Nc6
{[%clk 1:32:10]} 6. Nf3 {[%clk 1:31:36]} d5 {[%clk 1:31:52]} 7. exd6
{[%clk 1:31:37]} Qxd6 {[%clk 1:30:05]} 8. Na3 {[%clk 1:30:53]} a6
{[%clk 1:29:18]} 9. O-O {[%clk 1:30:52]} Be6 {[%clk 1:28:01]} 10. Re1
{[%clk 1:26:33]} Bxb3 {[%clk 1:23:17]} 11. Qxb3 {[%clk 1:26:14]} Na5
{[%clk 1:22:35]} 12. Qc2 {[%clk 1:26:25]} Qg6 {[%clk 1:16:51]} 13. d3
{[%clk 1:20:37]} Nc6 {[%clk 1:11:28]} 14. Be3 {[%clk 1:14:18]} Nd5
{[%clk 1:07:07]} 15. Qb3 {[%clk 1:11:13]} Nxe3 {[%clk 1:05:41]} 16. Rxe3
{[%clk 1:11:41]} b5 {[%clk 1:02:34]} 17. Qd5 {[%clk 1:10:38]} Rd8
{[%clk 0:57:04]} 18. Qxc5 {[%clk 1:10:40]} Qd6 {[%clk 0:52:22]} 19. Qb6
{[%clk 1:07:34]} Nb8 {[%clk 0:52:36]} 20. Qxd6 {[%clk 1:06:33]} Rxd6
{[%clk 0:53:05]} 21. Nc2 {[%clk 1:06:40]} g6 {[%clk 0:52:01]} 22. d4
{[%clk 0:55:37]} Rb6 {[%clk 0:52:12]} 23. Nb4 {[%clk 0:50:03]} Rb7
{[%clk 0:48:39]} 24. a4 {[%clk 0:45:51]} bxa4 {[%clk 0:46:41]} 25. Rxa4
{[%clk 0:46:05]} e6 {[%clk 0:46:32]} 26. Nd3 {[%clk 0:45:02]} Be7
{[%clk 0:45:59]} 27. c4 {[%clk 0:42:00]} O-O {[%clk 0:46:10]} 28. c5
{[%clk 0:38:34]} Rd8 {[%clk 0:45:01]} 29. h3 {[%clk 0:26:14]} Bf6
{[%clk 0:38:04]} 30. Re2 {[%clk 0:20:01]} Nc6 {[%clk 0:34:05]} 31. Rxa6
{[%clk 0:19:47]} Nxd4 {[%clk 0:34:18]} 32. Nxd4 {[%clk 0:19:52]} Rxd4
{[%clk 0:34:21]} 33. Ra3 {[%clk 0:17:39]} Rbd7 {[%clk 0:31:49]} 34. Re3
{[%clk 0:16:37]} Rc4 {[%clk 0:31:14]} 35. b4 {[%clk 0:15:54]} e5 {[%clk 0:30:25]}
36. Ra6 {[%clk 0:14:40]} Bg5 {[%clk 0:28:59]} 37. Nxe5 {[%clk 0:09:40]} Rd1+
{[%clk 0:28:58]} 38. Kh2 {[%clk 0:10:05]} Rxb4 {[%clk 0:28:51]} 39. Rd3
{[%clk 0:03:14]} Rf1 {[%clk 0:27:42]} 40. Ng4 {[%clk 0:02:27]} h5
{[%clk 0:25:33]} 41. Nf6+ {[%clk 0:02:41]} Bxf6 {[%clk 0:21:46]} 42. Rxf6
{[%clk 0:03:08]} Kg7 {[%clk 0:22:15]} 43. Rdf3 {[%clk 0:02:38]} Rb7
{[%clk 0:22:43]} 44. c6 {[%clk 0:02:27]} Rc7 {[%clk 0:23:12]} 45. Rd6
{[%clk 0:02:24]} Rc1 {[%clk 0:23:33]} 46. Rd7 {[%clk 0:02:20]} Rxd7
{[%clk 0:24:01]} 47. cxd7 {[%clk 0:02:42]} Rd1 {[%clk 0:24:30]} 1/2-1/2

[Event "EYCC 2024 - G18"]
[Site "?"]
[Date "2024.08.25"]
[Round "4.12"]
[White "Tashkinova, Sofiia"]
[Black "Striskova, Lucia"]
[Result "1-0"]
[BlackElo "1937"]
[WhiteElo "2093"]
[LiveChessVersion "1.4.8"]

1. e4 {[%clk 1:30:57]} c5 {[%clk 1:30:45]} 2. Nf3 {[%clk 1:30:57]} d6
{[%clk 1:31:05]} 3. d4 {[%clk 1:31:18]} cxd4 {[%clk 1:31:24]} 4. Nxd4
{[%clk 1:31:42]} Nf6 {[%clk 1:31:37]} 5. Nc3 {[%clk 1:32:02]} a6 {[%clk 1:31:58]}
6. Be2 {[%clk 1:32:24]} e5 {[%clk 1:31:39]} 7. Nb3 {[%clk 1:32:47]} Be7
{[%clk 1:31:23]} 8. Be3 {[%clk 1:33:11]} Be6 {[%clk 1:30:40]} 9. Nd5
{[%clk 1:33:25]} Nbd7 {[%clk 1:27:13]} 10. Qd3 {[%clk 1:33:41]} O-O
{[%clk 1:22:36]} 11. O-O {[%clk 1:33:51]} Bxd5 {[%clk 1:16:14]} 12. exd5
{[%clk 1:34:11]} Rc8 {[%clk 1:16:12]} 13. c4 {[%clk 1:34:23]} b6 {[%clk 1:16:35]}
14. a3 {[%clk 1:29:03]} a5 {[%clk 1:14:26]} 15. Nd2 {[%clk 1:25:31]} Nc5
{[%clk 1:14:29]} 16. Qb1 {[%clk 1:24:10]} a4 {[%clk 1:12:13]} 17. Bd1
{[%clk 1:14:29]} Qd7 {[%clk 1:11:38]} 18. Bc2 {[%clk 1:13:39]} g6
{[%clk 1:06:31]} 19. Qd1 {[%clk 1:08:11]} Ra8 {[%clk 1:06:41]} 20. Nb1
{[%clk 1:06:05]} Ra7 {[%clk 1:01:05]} 21. Nc3 {[%clk 1:05:01]} Rfa8
{[%clk 1:01:25]} 22. h3 {[%clk 0:59:49]} Nh5 {[%clk 0:56:42]} 23. f4
{[%clk 0:49:55]} Nxf4 {[%clk 0:54:07]} 24. Bxf4 {[%clk 0:44:38]} exf4
{[%clk 0:54:29]} 25. Nb5 {[%clk 0:44:35]} Rb7 {[%clk 0:50:46]} 26. Qd4
{[%clk 0:40:18]} Bg5 {[%clk 0:45:49]} 27. h4 {[%clk 0:36:04]} Bh6
{[%clk 0:45:55]} 28. Rae1 {[%clk 0:34:05]} Ra5 {[%clk 0:38:54]} 29. Qf6
{[%clk 0:27:50]} Rxb5 {[%clk 0:36:29]} 30. cxb5 {[%clk 0:27:40]} Bg7
{[%clk 0:36:21]} 31. Qxf4 {[%clk 0:27:22]} Bxb2 {[%clk 0:36:41]} 32. Rf3
{[%clk 0:24:27]} Be5 {[%clk 0:34:23]} 33. Qb4 {[%clk 0:22:00]} Ra7
{[%clk 0:34:27]} 34. h5 {[%clk 0:21:46]} Qe7 {[%clk 0:34:02]} 35. Qg4
{[%clk 0:18:04]} Qd7 {[%clk 0:30:38]} 36. Bf5 {[%clk 0:15:03]} Qe8
{[%clk 0:25:28]} 37. Ref1 {[%clk 0:14:00]} Bg7 {[%clk 0:24:45]} 38. hxg6
{[%clk 0:13:12]} hxg6 {[%clk 0:24:42]} 39. Bc2 {[%clk 0:12:36]} Qe5
{[%clk 0:24:04]} 40. Qc8+ {[%clk 0:11:34]} Bf8 {[%clk 0:24:30]} 41. Bxg6
{[%clk 0:11:15]} Qd4+ {[%clk 0:22:58]} 42. Kh1 {[%clk 0:10:31]} Qh4+
{[%clk 0:21:34]} 43. Rh3 {[%clk 0:10:14]} Qc4 {[%clk 0:22:01]} 44. Bh7+
{[%clk 0:10:13]} Kg7 {[%clk 0:22:09]} 45. Qf5 {[%clk 0:09:55]} 1-0